000 00492nam a2200181Ia 4500
005 20250326142535.0
008 250326s9999 xx 000 0 und d
037 _aTextbook
040 _aFMSL
_beng
_cFMSL
041 _aeng
_2eng
084 _qFMSL
100 _aGordon Gilbert
_9267058
245 0 _aQuantitative decision making for business.
_cGordon Gilbert
260 _aEnglewood
_bEnglewood, Prentice Hall
_c1990
300 _a848p
942 _cTB
999 _c1295516
_d1295516